Computer Programming In COBOL (Record no. 898)

MARC details
000 -LEADER
fixed length control field 00379nam a2200157Ia 4500
008 - FIXED-LENGTH DATA ELEMENTS--GENERAL INFORMATION
fixed length control field 221030s9999 xx 000 0 und d
020 ## - INTERNATIONAL STANDARD BOOK NUMBER
ISBN 8120300300
041 ## - LANGUAGE CODE
Language code of text/sound track or separate title
082 ## - DEWEY DECIMAL CLASSIFICATION NUMBER
Classification number 105.23
Item number Raj
100 ## - MAIN ENTRY--AUTHOR NAME
Personal name V. Rajaraman
245 #0 - TITLE STATEMENT
Title Computer Programming In COBOL
Statement of responsibility, etc by V. Rajaraman
260 ## - PUBLICATION, DISTRIBUTION, ETC. (IMPRINT)
Name of publisher PHI
Place of publication New Delhi
Year of publication 2000
300 ## - PHYSICAL DESCRIPTION
Number of Pages 268
650 ## - SUBJECT ADDED ENTRY--TOPICAL TERM
Topical Term BE Computer
942 ## - ADDED ENTRY ELEMENTS (KOHA)
Koha item type Books
Holdings
Accession Number Cost, normal purchase price Full call number Price effective from Koha item type Withdrawn / writtenoff status Materials specified (bound volume or other part) Damaged status Not for loan Permanent Location Current Location Shelving location Date acquired Lost/ Missing status department
BE 4812 150.00 105.23 Raj 10/30/2022 Books   Print     MIET Library, Jammu MIET Library, Jammu BL-Academic Block C, FL-2, CUP-107, SH-6, R-6 03/16/2002   BE
BE 4736 150.00 105.23 Raj 10/30/2022 Books   Print   Not For Loan MIET Library, Jammu MIET Library, Jammu BL-Second, FL-1, CUP-58, SH-6, R-6 01/15/2002   BE
BE 4737 150.00 105.23 Raj 10/30/2022 Books   Print     MIET Library, Jammu MIET Library, Jammu BL-Academic Block C, FL-2, CUP-107, SH-6, R-6 01/15/2002   BE
BE 4810 150.00 105.23 Raj 10/30/2022 Books   Print     MIET Library, Jammu MIET Library, Jammu BL-Academic Block C, FL-2, CUP-107, SH-6, R-6 03/16/2002   BE
BE 4811 150.00 105.23 Raj 10/30/2022 Books   Print     MIET Library, Jammu MIET Library, Jammu BL-Academic Block C, FL-1, CUP-107, SH-6, R-6 03/16/2002   BE
BE 4813 150.00 105.23 Raj 10/30/2022 Books   Print     MIET Library, Jammu MIET Library, Jammu BL-Academic Block C, FL-2, CUP-107, SH-6, R-6 03/16/2002   BE
BE 4814 150.00 105.23 Raj 10/30/2022 Books   Print     MIET Library, Jammu MIET Library, Jammu BL-Academic Block C, FL-2, CUP-107, SH-6, R-6 03/16/2002   BE
BE 5836 150.00 105.23 Raj 10/30/2022 Books   Print     MIET Library, Jammu MIET Library, Jammu BL-Academic Block C, FL-2, CUP-107, SH-6, R-6 08/01/2002   BE